MY UNCLE'S DREAM / (Record no. 10932)
[ view plain ]
| 000 -الفاتح | |
|---|---|
| حقل البيانات ثابتة الطول | 00500nam a2200193Ia 4500 |
| 008 - عناصر البيانات ثابتة الطول - معلومات عامة | |
| حقل البيانات ثابتة الطول | 140319s9999 xx 000 0 eng d |
| 040 ## - مصدر الفهرسة | |
| وكالة الفهرسة الأصلية | GCL / |
| وكالة النسخ | GCL |
| 082 04 - رقم تصنيف ديوى العشرى | |
| رقم التصنيف | 891.7 |
| رقم المادة | D M |
| 100 1# - المدخل الرئيسى - إسم شخصى | |
| الإسم الشخصى | DOSTOEVSKY, FYODOR |
| 245 10 - بيان العنوان | |
| العنوان | MY UNCLE'S DREAM / |
| بيان المسئوليه,etc | DOSTOEVSKY, FYODOR |
| 700 1# - المدخل الاضافى - اسم شخصى | |
| الإسم الشخصى | LITVINOVA, IVY |
| 300 ## - الوصف المادى | |
| التعداد | 404 P |
| 650 04 - المدخل الاضافى بالموضوع-مصطلح موضوعى | |
| مصطلح موضوعي | RUSSIA - STORIES |
| 650 04 - المدخل الاضافى بالموضوع-مصطلح موضوعى | |
| مصطلح موضوعي | FICTION |
| 650 04 - المدخل الاضافى بالموضوع-مصطلح موضوعى | |
| مصطلح موضوعي | RUSSIAN LITERATURE |
| 942 ## - عناصر المدخل الإضافي( كوها) | |
| مصدر التصنيف او مخطط الترفيف | Dewey Decimal Classification |
| Koha [default] item type | كتاب |
| 260 ## - PUBLICATION, DISTRIBUTION, ETC. (IMPRINT) | |
| -- | [S.N] : |
| -- | FOREIGN LANGUAGES PUBLISHING HOUSE |
| حالة التراجع | حالة الفقد | حالة تلف | ليس للاعارة | المكان المؤقت | الموقع الحالى | تاريخ الاكتساب | اجمالي اﻻعارات | رقم الطلب | الباركود | تاريخ اخر مشاهدة | تاريخ تفعيل السعر | نوع وعاء كوها |
|---|---|---|---|---|---|---|---|---|---|---|---|---|
| مكتبة القاهرة الكبرى | مكتبة القاهرة الكبرى | 03/26/2014 | 891.7\D M | 21873 | 03/26/2014 | 03/26/2014 | كتاب |

